| 000 | 02126nam a22003737a 4500 | ||
|---|---|---|---|
| 999 |
_c17567 _d17567 |
||
| 005 | 20200104041731.0 | ||
| 008 | 090519s2000 sp abd rs 000 0 spa d | ||
| 020 | _a8481093041 (Galaxia Gutenberg) | ||
| 040 |
_aDLC _cDLC _dDLC _dCO-BoPUJ _dCO-BoIAvH |
||
| 041 | 1 | _aspa | |
| 082 | 0 | 4 |
_a591.5 _bG55c |
| 100 | 1 | _aGleich, Michael | |
| 245 | 1 | 4 |
_aLas cuentas de la vida: _bun balance global de la naturaleza / _cMichael Gleich...[et al.] ; en colaboración con PNUD, UICN, WCMC y Aventis. |
| 260 |
_aBarcelona : _bGalaxia Gutenberg, _bCírculo de Lectores, _c2000. |
||
| 300 |
_a287 p. _bilustraciones, mapas y tablas _c28 cm. |
||
| 500 | _a"Proyecto Life counts." | ||
| 504 | _aIncluye referencias bibliográficas (p. 280-283). | ||
| 505 | _aEl proyecto Life Counts -- Riqueza natural, diversidad cultural -- Estadísticas de los safaris -- Fósiles: el disco duro de la vida -- Los grandes cronistas de la naturaleza -- Los censos de población -- Expedición al planeta tierra -- La extinción y sus causas -- Animales salvajes: amenazadores y amenazados -- La evolución: progreso por catástrofes -- Sustainable use: un nuevo consenso para la conservación de las especies -- El factor económico de la vida salvaje -- Farmacias naturistas y genes correctamente manipulados -- El rescate de la biodiversidad -- ¿Cuántos seres humanos resiste la tierra? -- El porvenir de la vida -- Inventario 2000: el hombre y la naturaleza en cifras -- | ||
| 534 | _tLife counts : cataloguing life on earth. | ||
| 650 | 1 | 4 | _aPoblación animal |
| 650 | 2 | 4 |
_aPoblación animal _vEstadísticas |
| 650 | 2 | 4 |
_aPoblación animal _xMediciones |
| 650 | 2 | 4 |
_aDiversidad biológica _vEstadísticas |
| 650 | 2 | 4 |
_aFósiles _xHistoria |
| 650 | 2 | 4 | _aOrigen de la vida |
| 650 | 2 | 4 |
_aAnimales _vEstadísticas |
| 650 | 2 | 4 | _aBiología |
| 650 | 2 | 4 | _aVida |
| 700 | 1 | _aMaxeiner, Dirk | |
| 700 | 1 | _aMiersch, Michael | |
| 700 | 1 | _aNicolay, Fabian | |
| 710 | 2 | _aPrograma de las Naciones Unidas para el Desarrollo | |
| 942 |
_2ddc _cLIBRO |
||